000 01007nas a2200277 4500
001 BR8702048
003 BR-BrBNA
005 20231205090638.0
007 ta
008 230509b bl.|||p| |||| 00| 00por d
040 _aBR-BrBNA
_bpor
_cBiblioteca Nacional de Agricultura
041 _a(Pt)
072 _aH10
100 1 _aFagundes, A.C.
100 1 _aKesterke, R.
100 1 _aArnt, T.
245 1 _aInseticidas no controle de pulgoes nas folhas de trigo (Macrosiphum avenae)e toxicidade a adultos de Cycloneda sanguinea (Coleoptera: Coccinellidae)
246 1 _aEffect of insecticides in the control of wheat leaf aphids (Macrosiphum avenae)and their toxicity to the adults of Cycloneda sanguinea (Coleoptera: Coccinellidae)
650 _aTRIGO
650 _aPULGAO
650 _aINSETICIDA
650 _aTOXIDEZ
773 0 _tAgronomia Sulriograndense (Brazil)
_xISSN 0400-8111
_g(1985), v. 21(1) p. 73-85
_wBR8702048
909 _a202311
_bLúcia
_c55
_dLúcia Elande
942 _2AGRIS
_n0
_cANA
999 _c119989
_d119989